000 00441nam a2200193Ia 4500
008 101110s9999 xx 000 0 und d
041 _aENGLISH
082 _bSR13084
100 _aDesai S.M.
245 _aRural Banking in India
365 _b18
520 _aCommerce
546 _aENGLISH
630 _aRural Banking in India
650 _aCommerce
655 _aCommerce
730 _aRural Banking in India
942 _cBOOK
999 _c807362
_d807359